<?xml version="1.0" encoding="UTF-8"?>
<collection xmlns="http://www.loc.gov/MARC21/slim">
 <record>
  <leader>     na                 </leader>
  <controlfield tag="001">INLIS000000000001585</controlfield>
  <controlfield tag="005">20250410013045</controlfield>
  <datafield tag="035" ind1=" " ind2=" ">
   <subfield code="a">0010-0425000001</subfield>
  </datafield>
  <controlfield tag="007">ta</controlfield>
  <controlfield tag="008">250410                           0 ind  </controlfield>
  <datafield tag="082" ind1=" " ind2=" ">
   <subfield code="a">776</subfield>
  </datafield>
  <datafield tag="084" ind1=" " ind2=" ">
   <subfield code="a">776 SUT s</subfield>
  </datafield>
  <datafield tag="100" ind1="0" ind2=" ">
   <subfield code="a">Sutanto, Purwadi</subfield>
  </datafield>
  <datafield tag="245" ind1="1" ind2=" ">
   <subfield code="a">SMA DI ERA DIGITAL /</subfield>
   <subfield code="c">Sutanto, Purwadi</subfield>
  </datafield>
  <datafield tag="260" ind1=" " ind2=" ">
   <subfield code="a">Jakarta Selatan :</subfield>
   <subfield code="b">Kemendiibud,</subfield>
   <subfield code="c">2019</subfield>
  </datafield>
  <datafield tag="300" ind1=" " ind2=" ">
   <subfield code="a">130 hlm :</subfield>
   <subfield code="b">Ilust ;</subfield>
   <subfield code="c">21 cm</subfield>
  </datafield>
  <datafield tag="520" ind1=" " ind2=" ">
   <subfield code="a">Masa depan adalah misteri yang akan dilalui oleh anak-anak yang hari ini&#13;
berada di sekolah. Atas dasar itulah, sekolah harus dapat menyiapkan&#13;
mereka bisa hidup di zamannya dengan segenap kemampuan yang relevan. Sebagai&#13;
satuan pendidikan menengah, SMA harus dapat menjadi lingkungan belajar&#13;
yang mampu menyiapkan diri memberikan layanan pendidikan yang sesuai.&#13;
Era digital yang dihadapi sejak kini hingga masa yang akan datang, selayaknya&#13;
menjadi patokan bagi sekolah dalam memberikan layanan pendidikan yang&#13;
relevan. Semua hal dalam kehidupan ini berubah. Juga demikian di sekolah.&#13;
Teknis pengelolaan sekolah, administrasi pembelajaran, media pembelajaran,&#13;
teknis penilaian, serta berbagai aktivitas di sekolah lainnya, tidak ada yang tidak&#13;
terpengaruh dunia digital.&#13;
Menghadapi era baru itu, sekolah perlu melakukan perubahan yang mendasar.&#13;
Bukan hanya dari organisasi melainkan juga dalam aktivitas yang semuanya&#13;
dilakukan dengan basis teknologi digital. Sekolah juga menjadi tempat&#13;
anak-anak belajar dalam menghadapi tantangan dunia baru.&#13;
Kehadiran SMA harus dapat memberi makna pada kehidupan masa depan&#13;
anak. SMA yang selalu selaras dengan zamannya. Masih sangat relevan apabila&#13;
satuan pendidikan bernama SMA menjalankan peran sesuai definisi pendidikan&#13;
kita, yakni: usaha sadar dan terencana untuk mewujudkan suasana belajar&#13;
dan proses pembelajaran agar peserta didik secara aktif mengembangkan potensi&#13;
dirinya untuk memiliki kekuatan spiritual keagamaan, pengendalian diri,&#13;
kepribadian, kecerdasan, akhlak mulia, serta keterampilan yang diperlukan&#13;
dirinya, masyarakat, bangsa dan negara.&#13;
Dengan definisi tersebut, satuan pendidikan SMA harus senantiasa membangun&#13;
suasana belajar yang selaras dengan kehidupan masa depan anak, dan&#13;
satuan pendidikan SMA juga harus melakukan proses pembelajaran yang dibutuhkan&#13;
oleh kehidupan anak di masa depan.&#13;
Kini, kita menyadari, zaman sudah berubah. Sebuah era baru yang disebut&#13;
dengan banyak julukan. Ada yang menyebutnya era industri 4.0, istilah untuk&#13;
bidang industri yang memiliki dampak luas dalam kehidupan, termasuk&#13;
pendidikan. Ada juga yang meyebutnya dengan era konseptual, di mana nilai&#13;
kemanusiaan unggul akan menjadi penentu eksistensi manusia di zamannya.&#13;
Belakangan, kita juga mendengar istilah Society 5.0, yang dimunculkan di Jepang&#13;
sebagai sebuah konsep masyarakat yang cerdas dengan eksistensi yang&#13;
tetap tangguh.&#13;
Inti dari semua itu adalah perubahan. Pemicunya adalah perkembangan&#13;
ilmu dan teknologi yang begitu kuat yang mendorong perubahan yang mendasar&#13;
dalam bidang komputasi yang merasuki segenap aspek kehidupan manusia,&#13;
otomatisasi segala aktivitas, informasi yang berubah, dan perubahan&#13;
SMA di Era Digital 127&#13;
komunikasi&#13;
antarmanusia. Perubahan ini tidak dapat dihindari. Kita semua&#13;
berada di dalamnya, sekarang, menyiapkan anak-anak untuk bisa mengarungi&#13;
perubahan itu dengan jati dirinya yang kuat sebagai manusia masa depan.&#13;
Melalui buku ini, mari kita persiapkan diri untuk menjadikan sekolah sebagai&#13;
tempat belajar yang sesuai dengan kebutuhan anak dan menjadikan era&#13;
digital sebagai tantangan dalam menyiapkan anak untuk dapat hidup di zamannya.</subfield>
  </datafield>
  <datafield tag="600" ind1=" " ind2="4">
   <subfield code="a">Non Fiksi</subfield>
  </datafield>
  <datafield tag="990" ind1=" " ind2=" ">
   <subfield code="a">E-00001</subfield>
  </datafield>
 </record>
</collection>
